| 000 | 00769nam a2200229 i 4500 | ||
|---|---|---|---|
| 001 | 17646 | ||
| 003 | ES-MaACL | ||
| 005 | 20230906151631.0 | ||
| 007 | t| | ||
| 008 | 010418s1999 sp ||||1| spa d | ||
| 020 | _a84-8319-051-6 | ||
| 080 | _a338.2:504 | ||
| 080 | _a330.15 | ||
| 100 | 1 |
_aCarpintero Redondo, Oscar. _935451 |
|
| 245 | 1 | 0 |
_aEntre la economía y la naturaleza _b: la controversia sobre la valoración monetaria del medio ambiente y la sustentabilidad del sistema económico / _cOscar Carpintero Redondo. |
| 250 | _a1ª ed. | ||
| 260 |
_aMadrid : _bLos Libros de la Catarata, _c1999. |
||
| 300 |
_a383 p. ; _c20 cm. |
||
| 650 | 1 | 4 |
_aDesarrollo sostenible. _911817 |
| 650 | 1 | 4 |
_aEconomía ambiental. _912019 |
| 852 |
_aES-MaACL _jL-24444 _bR.129781 |
||
| 999 |
_c17646 _d17646 |
||